Educación y desigualdad desde una perspectiva internacional
Shranjeno v:
| Glavni avtor: | |
|---|---|
| Format: | Texto |
| Izdano: |
Edit. Praxis
|
| Teme: | |
| Oznake: |
Označite
Brez oznak, prvi označite!
|
MARC
| LEADER | 00000 a a2200000 04500 | ||
|---|---|---|---|
| 001 | 32031 | ||
| 003 | |||
| 040 | |||
| 020 | |a 970-682-190-2 | ||
| 090 | |a 200100 | ||
| 100 | |a Rodríguez Solera, Carlos Rafael | ||
| 245 | |a Educación y desigualdad desde una perspectiva internacional | ||
| 260 | |a Edit. Praxis | ||
| 300 | |a 41 p. | ||
| 650 | |a EDUCACION | ||
| 650 | |a DESARROLLO ECONOMICO Y SOCIAL | ||
| 650 | |a DESIGUALDAD SOCIAL | ||
| 650 | |a TEORIA SOCIAL | ||
| 650 | |a CAPITAL SOCIAL | ||
| 999 | |c 11843 |d 11843 | ||



